Joan Junyer : assaig biogràfic / assaig biogràfic /
ISBN:
8483345374
Descripción Física:
157 pàgines : il·lustracions ; 25 cm
Otros Autores:
Duran i Riu, Fina
Idioma:
Catalán
MARC
| LEADER | 00000nam a2200000 a 4500 | ||
|---|---|---|---|
| 001 | 25580 | ||
| 005 | 20260324181111.0 | ||
| 008 | 040507s2004 spcao || o000 ||cat | ||
| 017 | |a DL B. 10948-2004 |b Biblioteca de Catalunya | ||
| 020 | |a 8483345374 | ||
| 080 | |a Bib-565 | ||
| 100 | |a Garcia, Josep Miquel, |d 1957- |9 53027 | ||
| 245 | 1 | 0 | |a Joan Junyer : |b assaig biogràfic / |c Joan Miquel Garcia, Fina Duran |
| 260 | |a Barcelona : |b Editorial Mediterrània, |c 2004 | ||
| 300 | |a 157 pàgines : |b il·lustracions ; |c 25 cm | ||
| 600 | 0 | |a Junyer, Joan, |d 1904-1994 |2 cantic |9 53028 | |
| 650 | 0 | |a Pintors |9 53029 |z Barcelona (Catalunya) |v Biografia | |
| 655 | 7 | |a Biografies |2 thub | |
| 700 | |a Duran i Riu, Fina |9 53030 | ||
| 940 | |a BC | ||
| 942 | |2 udc |c ARXIU |n 1 | ||
| 952 | |0 0 |1 0 |4 0 |6 BIB565 |7 1 |9 61799 |a Arxiu |b Arxiu |d 2022-05-20 |l 0 |o Bib-565 |p 25580 |r 2022-05-20 00:00:00 |w 2022-05-20 |y ARXIU | ||
| 999 | |c 81651 |d 81651 | ||